header

Just past? (Record no. 101199)

MARC details
000 -LEADER
fixed length control field 02196nam a22003614a 4500
082 04 - DEWEY DECIMAL CLASSIFICATION NUMBER
Classification number 933/.072/05694
100 1# - MAIN ENTRY--AUTHOR NAME
Personal name Kletter, Raz.
245 10 - TITLE STATEMENT
Title Just past?
260 ## - PUBLICATION, DISTRIBUTION, ETC. (IMPRINT)
Place of publication London ;
-- Oakville, CT :
Name of publisher Equinox,
Year of publication 2006.
300 ## - PHYSICAL DESCRIPTION
Number of Pages xix, 362 p. :
Other physical details ill., maps.
505 0# - FORMATTED CONTENTS NOTE
Formatted contents note Archaeology and the 1948 war -- Abandoned places, new places -- Foreign aid -- Frozen funds -- A battalion of guards -- Relief work -- Man robs his land : "agreement" with General Dayan -- "Gold of Ophir for Beth-Horon" : 3,000 shekels -- The building beyond the border : the PAM, 1948-67 -- A building of dreams : a home for the IDAM and the origins of the Israel Museum, Jerusalem -- A dead man on the council : the story of the supreme archaeological body in Israel -- "But trust comes from the heart" : travels with the Government Tourist Corporation -- "Whether in a courtyard of a synagogue, in a courtyard adjacent to a synagogue, or under a synagogue" : the Safad affair -- The policy of salvage and early Israeli excavations -- Myths and conclusions.
650 #0 - SUBJECT ADDED ENTRY--TOPICAL TERM
Topical Term Excavations (Archaeology)
Topical Term Archaeologists
856 40 - ELECTRONIC LOCATION AND ACCESS
Uniform Resource Identifier http://site.ebrary.com/lib/rucke/Doc?id=10386874

No items available.

© 2026 Rongo University
Contact us: librarian | system librarian | Rongo university